Register of licensed public spaces in England and Wales (Record no. 78203)

MARC details
000 -LEADER
fixed length control field 00992cab a2200205 4500
001 - CONTROL NUMBER
control field L136238
008 - FIXED-LENGTH DATA ELEMENTS--GENERAL INFORMATION
fixed length control field 070119n2007 000 0 eng u
035 ## - SYSTEM CONTROL NUMBER
System control number (Sirsi) u136238
041 0# - LANGUAGE CODE
Language code of text/sound track or separate title eng
110 1# - MAIN ENTRY--CORPORATE NAME
Corporate name or jurisdiction name as entry element United Kingdom
Subordinate unit Department for Culture, Media and Sport
245 00 - TITLE STATEMENT
Title Register of licensed public spaces in England and Wales
260 ## - PUBLICATION, DISTRIBUTION, ETC.
Date of publication, distribution, etc. 2007
520 ## - SUMMARY, ETC.
Summary, etc. Lists those local authorities that have licensed their public spaces to enable events to take place in their premises and land. Details the spaces licensed, the activities licensed, the days and times licensed, and contact details for further information and permission to use the land.
590 ## - LOCAL NOTE (RLIN)
Local note KA
650 24 - SUBJECT ADDED ENTRY--TOPICAL TERM
Topical term or geographic name entry element REGISTER OF LOCAL AUTHORITY LICENSED PUBLIC SPACES
651 #4 - SUBJECT ADDED ENTRY--GEOGRAPHIC NAME
Geographic name England and Wales
Chronological subdivision 1543-
690 ## - LOCAL SUBJECT ADDED ENTRY--TOPICAL TERM (OCLC, RLIN)
Topical term or geographic name as entry element Block management
9 (RLIN) 6220
856 48 - ELECTRONIC LOCATION AND ACCESS
Uniform Resource Identifier <a href="https://www.culture.gov.uk/what_we_do/Alcohol_entertainment/licensed_public_spaces2.htm">https://www.culture.gov.uk/what_we_do/Alcohol_entertainment/licensed_public_spaces2.htm</a>
Public note View the item free of charge at www.culture.gov.uk...
942 ## - ADDED ENTRY ELEMENTS (KOHA)
Suppress in OPAC 0
Holdings
Withdrawn status Lost status Source of classification or shelving scheme Damaged status Not for loan Home library Current library Shelving location Date acquired Total Checkouts Full call number Barcode Date last seen Copy number Price effective from Koha item type
    Dewey Decimal Classification     Virtual Virtual Online 19/01/2007   L136238 136238-1001 06/08/2019 1 06/08/2019 Journal article